|
|
|
|
| LEADER |
01109nam a2200289 a 4500 |
| 001 |
2493 |
| 003 |
BD-DhAAL |
| 005 |
20150614104022.0 |
| 008 |
150614s1995 ii b 001 0 eng |
| 010 |
|
|
|a 95905843
|
| 020 |
|
|
|a 8173041121
|
| 040 |
|
|
|a DLC
|c DLC
|d BD-DhAAL
|
| 050 |
0 |
0 |
|a LC5800
|b .S64 1995
|
| 082 |
0 |
0 |
|a 370/.82
|2 20
|
| 245 |
0 |
0 |
|a Speaking for ourselves :
|b women and distance education in India /
|c edited by Asha S. Kanwar, Neela Jagannathan.
|
| 260 |
|
|
|a New Delhi :
|b Manohar Publishers & Distributors,
|c 1995.
|
| 300 |
|
|
|a x, 247 p. ;
|c 23 cm.
|
| 504 |
|
|
|a Includes bibliographical references (p. 232-241) and index.
|
| 520 |
|
|
|a Contributed articles.
|
| 541 |
|
|
|e 2493
|
| 650 |
|
0 |
|a Distance education
|x Cross-cultural studies
|z India.
|9 11983
|
| 650 |
|
0 |
|a Women
|x Education
|x Cross-cultural studies
|z India.
|9 11984
|
| 700 |
1 |
|
|a Kanwar, Asha.
|9 11985
|
| 700 |
1 |
|
|a Jagannathan, Neela.
|9 11986
|
| 942 |
|
|
|2 ddc
|c BK
|
| 999 |
|
|
|c 34705
|d 34705
|
| 952 |
|
|
|0 0
|1 0
|2 ddc
|4 0
|6 370_820000000000000_SPE
|7 0
|9 54274
|a SCL
|b SCL
|c GEN
|d 2015-06-14
|l 1
|o 370.82 SPE
|p 3020002493
|r 2022-06-16
|s 2022-06-16
|t 1
|w 2015-06-14
|y BK
|